Documento firmado por Manuel de la Borda (Record no. 4678)

MARC details
000 -CABECERA
campo de control de longitud fija 01495nam a2200313 a 4500
001 - NÚMERO DE CONTROL
campo de control BRCA_4984
005 - FECHA Y HORA DE LA ÚLTIMA TRANSACCIÓN
campo de control 20190320204904.0
008 - DATOS DE LONGITUD FIJA--INFORMACIÓN GENERAL
campo de control de longitud fija 281010s1791----mx-######v---#000-0#spa-#
041 ## - CÓDIGO DE LENGUA
Código de lengua del texto/banda sonora o título independiente spa
044 ## - CÓDIGO DEL PAÍS DE LA ENTIDAD EDITORA/PRODUCTORA
Código MARC del país mx
084 ## - OTRO NÚMERO DE CLASIFICACIÓN
Número de clasificación DOC81
Número de documento/Ítem .B67
-- 1791
100 1# - ENTRADA PRINCIPAL--NOMBRE DE PERSONA
Nombre de persona Borda, Manuel de la
9 (RLIN) 12693
245 10 - MENCIÓN DE TÍTULO
Título Documento firmado por Manuel de la Borda
Mención de responsabilidad, etc. Manuel de la Borda, Don Mariano Antonio Colocia.
260 ## - PUBLICACIÓN, DISTRIBUCIÓN, ETC.
Lugar de publicación, distribución, etc. México
Fecha de publicación, distribución, etc. 1791
300 ## - DESCRIPCIÓN FÍSICA
Extensión [1] foja
Dimensiones 31 x 21 cm
500 ## - NOTA GENERAL
Nota general Documento firmado el 26 de agosto de 1791
500 ## - NOTA GENERAL
Nota general Escritura de compra y venta que presenta Don Manuel de la Borda a su favor de la Hacienda de Labor de Santa María Nonoalco, Casas, Capilla, Trojes, Jardín, Huerta, Tierras y Merced de aguas, situado en Coyoacán por venta que le hizo Don Mariano Antonio Colocia el 1ª de junio de 1785
500 ## - NOTA GENERAL
Nota general Al margen sellos con escudo español y leyenda: SELLO TERCERO UN REAL AÑOS DE MIL SETECIENTOS ECHENTA Y SEIS Y OCHENTA SIETE
500 ## - NOTA GENERAL
Nota general El documento tiene la leyenda DOC. #241
500 ## - NOTA GENERAL
Nota general Papel con marca de agua
500 ## - NOTA GENERAL
Nota general Estado de conservación: Contiene en los márgenes roturas
506 0# - NOTA DE RESTRICCIONES AL ACCESO
Limitaciones de acceso Fondo reservado: para su consulta es necesario credencial de usuario y carta de motivos
546 ## - NOTA DE LENGUA/LENGUAJE
Nota de lengua/lenguaje Texto en: español de finales del siglo XVIII
600 14 - PUNTO DE ACCESO ADICIONAL DE MATERIA--NOMBRE DE PERSONA
Nombre de persona Borda, Manuel de la
9 (RLIN) 12693
651 #4 - PUNTO DE ACCESO ADICIONAL DE MATERIA--NOMBRE GEOGRÁFICO
Nombre geográfico México
Subdivisión de forma Manuscrito
Subdivisión general Historia
Subdivisión cronológica Colonia, 1521-1821
9 (RLIN) 12694
700 1# - PUNTO DE ACCESO ADICIONAL--NOMBRE DE PERSONA
Nombre de persona Colocia, Mariano Antonio
9 (RLIN) 12695
902 ## - CATALOGADOR
Iniciales FDH
942 ## - ELEMENTOS DE PUNTO DE ACCESO ADICIONAL (KOHA)
Fuente del sistema de clasificación o colocación Library of Congress Classification
Tipo de ítem Koha Documentos
Holdings
Estado de retiro Estado de pérdida Estado dañado No para préstamo Localización permanente Ubicación/localización actual Fecha de adquisición Total de préstamos Signatura topográfica completa Código de barras Fecha visto por última vez Precio válido a partir de Tipo de ítem Koha
El ejemplar forma parte de la colección y puede ser consultado según las políticas vigentes.       Biblioteca del Museo Franz Mayer (Rogerio Casas-Alatriste) Biblioteca del Museo Franz Mayer (Rogerio Casas-Alatriste) 28/10/2010   DOC81 .B67 1791 5068 22/03/2019 22/03/2019 Documentos